000 00710nam a2200265Ia 4500
003 OSt
005 20220912151229.0
006 a|||||r|||| 00| 0
007 ta
008 220909b |||||||| |||| 00| 0 eng d
024 _a19174
037 _cTextual
040 _aCSL
_beng
_cCSL
041 _aeng
082 _aB, L41
100 _aMilnor John W.
245 0 _aCharacteristic Classes
260 _aPrinceton
_bPrinceton University Press
_c1974
300 _avii, 330p.
_ccm.
490 _aAnnals of mathematics studies; 76
650 _aMathematics
700 _a Stasheff James D.
942 _hB, L41
_cTEXL
_2CC
999 _c64094
_d64094